00945nam a2200253Ia 4500001001100000003000800011006001900019007001500038008004100053040002100094035002100115050002300136100003400159245006300193260004200256300001000298533015200308650002600460650001900486655002900505710001700534856012500551999001500676ebr5000533CaPaEBRm u cr cn|||||||||010425s2001 ncu s 000 p eng d aCaPaEBRcCaPaEBR a(OCoLC)68062911114aPR4207b.A3 2001eb1 aBrowning, Robert,d1812-1889.10aDramatic lyricsh[electronic resource] /cRobert Browning. aRaleigh, NC :bAlex Catalogue,c2001. a80 p. aElectronic reproduction.bPalo Alto, Calif. :cebrary,d2010.nAvailable via World Wide Web.nAccess may be limited to ebrary affiliated libraries. 0aVerse drama, English. 0aEnglish drama. 7aElectronic books.2local2 aebrary, Inc.40uhttp://site.ebrary.com/lib/rucke/Doc?id=5000533zAn electronic book accessible through the World Wide Web; click to view c2863d2863